000 00741nam a2200253 i 4500
001 51354
003 ES-MaACL
005 20230906162336.0
007 t|
008 030812s1967 sp ||||1| spa d
100 1 _aCharrier, André.
_938121
245 1 3 _aLa revisión de vida sacerdotal /
_cA. Charrier, L. Retif, J. Leroy ; tradujeron A. Arjona y F. Díaz.
260 _aSalamanca :
_bSígueme,
_c1967.
300 _a236 p. ;
_c19 cm.
490 1 _aHinneni ;
_v70
650 0 4 _aSacerdotes.
_916959
700 1 _aArjona, A.
_922883
700 1 _aDíaz, F.
_944119
700 0 _aRétif, Louis.
_9182353
700 1 _aLeroy, Jean.
_9161597
830 0 _aHinneni ;
_v70
_9180790
852 _aES-MaACL
_jC-31702
999 _c51354
_d51354